[Event "4th Memorial Warakomska-B 2020"]
[Site "Suwalki"]
[Date "2020.08.06"]
[Round "6.28"]
[White "Wardziak, Ewa"]
[Black "Borowik, Grzegorz"]
[Result "0-1"]
[WhiteElo "1280"]
[BlackElo "1089"]
[Annotator "NA"]
[PlyCount "71"]
[EventDate "2020.08.06"]
[EventType "swiss"]
[EventCountry "POL"]
[SourceTitle "playchess.com"]
[Source "ChessBase"]
[SourceQuality "1"]
[TimeControl "40/5400+30:1800+30"]

1. e4 c5 2. Nf3 d6 3. d4 cxd4 4. Nxd4 Nf6 5. Nc3 a6 6. Bd3 Nc6 7. Be3 Nxd4 8. Bxd4 e5 9. Be3 Be6 10. O-O Ng4 11. Nd5 Nxe3 12. fxe3 Be7 13. Be2 O-O 14. Bg4 Bg5 15. Qe2 Bxd5 16. exd5 Qb6 17. b3 Bxe3+ 18. Kh1 Bd4 19. Rad1 Qc5 20. Qe4 Qc7 21. Rf3 g6 22. h4 f5 23. Bxf5 gxf5 24. Rxf5 Rxf5 25. Qxf5 Rf8 26. Qe6+ Qf7 27. Rf1 Qxe6 28. Rxf8+ Kxf8 29. dxe6 Ke7 30. c4 Kxe6 31. Kh2 b5 32. cxb5 axb5 33. Kg3 b4 34. Kf3 Kd5 35. g4 e4+ 36. Kf4 0-1

[Event "4th Memorial Warakomska-B 2020"]
[Site "Suwalki"]
[Date "2020.08.06"]
[Round "6.29"]
[White "Gladyszewski, Adam"]
[Black "Kaznowska, Kinga"]
[Result "1-0"]
[WhiteElo "1174"]
[BlackElo "1007"]
[Annotator "NA"]
[PlyCount "115"]
[EventDate "2020.08.06"]
[EventType "swiss"]
[EventCountry "POL"]
[SourceTitle "playchess.com"]
[Source "ChessBase"]
[SourceQuality "1"]
[TimeControl "40/5400+30:1800+30"]

1. d4 d5 2. c4 e6 3. Nf3 Nf6 4. Bf4 Be7 5. Nc3 O-O 6. e3 Nbd7 7. h3 b6 8. Be2 Bb7 9. O-O c5 10. cxd5 exd5 11. dxc5 bxc5 12. Nh4 Ne4 13. Nf5 Nxc3 14. Nxe7+ Qxe7 15. bxc3 Nf6 16. Bf3 h6 17. Re1 Ne4 18. Qc2 Rfd8 19. c4 dxc4 20. Rab1 Bc6 21. Rbc1 Rac8 22. Bxe4 Qxe4 23. Qxe4 Bxe4 24. Rxc4 Bd3 25. Rc3 a6 26. Rec1 c4 27. Ra3 Rc6 28. Be5 Rd5 29. Bd4 Rb5 30. f3 Kf8 31. Kf2 f6 32. Ke1 Ke7 33. Rxd3 Ra5 34. Rd2 Kd6 35. Rdc2 Ra4 36. Rb1 g6 37. Rb6 Rxb6 38. Bxb6 Rb4 39. Bd4 f5 40. Kd2 Kd5 41. Bc3 Ra4 42. g4 fxg4 43. hxg4 Kc6 44. Bg7 h5 45. gxh5 gxh5 46. Ke2 Kc5 47. Bc3 Kd5 48. Kf2 Ke6 49. Kg3 Kf5 50. Kh4 Kg6 51. Rg2+ Kh7 52. Kxh5 Ra3 53. Rc2 Kg8 54. Kg5 Kf7 55. Kf5 Ke7 56. Ke5 Kd7 57. Kd5 Kc7 58. Kc5 1-0

[Event "4th Memorial Warakomska-B 2020"]
[Site "Suwalki"]
[Date "2020.08.06"]
[Round "6.30"]
[White "Krzastek, Adrian"]
[Black "Szczepanska, Jagoda"]
[Result "1/2-1/2"]
[WhiteElo "1128"]
[BlackElo "1015"]
[Annotator "NA"]
[PlyCount "64"]
[EventDate "2020.08.06"]
[EventType "swiss"]
[EventCountry "POL"]
[SourceTitle "playchess.com"]
[Source "ChessBase"]
[SourceQuality "1"]
[TimeControl "40/5400+30:1800+30"]

1. e4 e5 2. Nf3 Nc6 3. Bb5 d6 4. Nc3 Be7 5. h3 Nf6 6. O-O O-O 7. d3 h6 8. Be3 a6 9. Bc4 Na5 10. Bb3 Nxb3 11. axb3 Nh7 12. Nd5 f5 13. Nxe7+ Qxe7 14. Ra2 f4 15. Bd2 Qf6 16. Qe2 Be6 17. Rfa1 Ng5 18. Ba5 b6 19. Bc3 a5 20. b4 Bxa2 21. Rxa2 axb4 22. Rxa8 Rxa8 23. Bxb4 Kh7 24. Nd2 Rf8 25. Nf3 c5 26. Bc3 Ra8 27. Nxg5+ Qxg5 28. Kh2 Rf8 29. Qf3 b5 30. b3 Rc8 31. Qe2 Rf8 32. Qf3 Rf7 1/2-1/2

[Event "4th Memorial Warakomska-B 2020"]
[Site "Suwalki"]
[Date "2020.08.06"]
[Round "6.34"]
[White "Zalega, Joanna"]
[Black "Maliszewski, Stefan"]
[Result "1/2-1/2"]
[WhiteElo "1127"]
[BlackElo "1083"]
[Annotator "NA"]
[PlyCount "28"]
[EventDate "2020.08.06"]
[EventType "swiss"]
[EventCountry "POL"]
[SourceTitle "playchess.com"]
[Source "ChessBase"]
[SourceQuality "1"]
[TimeControl "40/5400+30:1800+30"]

1. d4 Nf6 2. c4 e6 3. Nf3 Be7 4. Nc3 O-O 5. Bf4 b6 6. e3 Bb7 7. Be2 d6 8. h3 c5 9. O-O Nc6 10. a3 h6 11. Qc2 cxd4 12. Nxd4 Nxd4 13. exd4 d5 14. Bf3 Bd6 1/2-1/2

[Event "4th Memorial Warakomska-B 2020"]
[Site "Suwalki"]
[Date "2020.08.06"]
[Round "6.35"]
[White "Pietryk, Hanna"]
[Black "Peksa, Piotr"]
[Result "1/2-1/2"]
[WhiteElo "1161"]
[BlackElo "1018"]
[Annotator "NA"]
[PlyCount "51"]
[EventDate "2020.08.06"]
[EventType "swiss"]
[EventCountry "POL"]
[SourceTitle "playchess.com"]
[Source "ChessBase"]
[SourceQuality "1"]
[TimeControl "40/5400+30:1800+30"]

1. e4 e5 2. Nf3 Nc6 3. Bb5 Bc5 4. Nc3 Nf6 5. d3 a6 6. Bxc6 dxc6 7. Nxe5 Qd4 8. Be3 Qxe5 9. d4 Bxd4 10. Qxd4 Qxd4 11. Bxd4 Ke7 12. O-O Bg4 13. f3 Be6 14. Bc5+ Ke8 15. Be3 h6 16. Bf4 Rc8 17. Be5 Ke7 18. Rad1 g6 19. a3 Rhe8 20. Rd2 Nd7 21. Bg3 Nb6 22. b3 h5 23. Rfd1 g5 24. h4 f6 25. hxg5 fxg5 26. Bh2 1/2-1/2

[Event "4th Memorial Warakomska-B 2020"]
[Site "Suwalki"]
[Date "2020.08.11"]
[Round "7.1"]
[White "Rak, Tomasz"]
[Black "Wolagiewicz, Kinga"]
[Result "1-0"]
[WhiteElo "1879"]
[BlackElo "1719"]
[Annotator "NA"]
[PlyCount "67"]
[EventDate "2020.08.06"]
[EventType "swiss"]
[EventCountry "POL"]
[SourceTitle "playchess.com"]
[Source "ChessBase"]
[SourceQuality "1"]
[TimeControl "40/5400+30:1800+30"]

1. d4 {[%emt 0:00:00]} d5 {[%emt 0:00:00]} 2. e3 {[%emt 0:00:00]} Nf6 {[%emt 0:00:00]} 3. Bd3 {[%emt 0:00:04]} e6 {[%emt 0:01:17]} 4. Nd2 {[%emt 0:00:16]} c5 {[%emt 0:01:43]} 5. c3 {[%emt 0:00:15]} Nbd7 {[%emt 0:01:43]} 6. f4 {[%emt 0:00:41] D00: 1 d4 d5: Unusual lines.} b6 {[%emt 0:07:36]} 7. Qf3 {[%emt 0:03:26]} h5 {[%emt 0:10:15]} 8. Nh3 {[%emt 0:03:24]} Bb7 {[%emt 0:06:35] [#]} 9. Ng5 $146 {[%emt 0:04:27]} ({Predecessor:} 9. Nf2 Be7 10. a4 a5 11. Qe2 Qc7 12. O-O g6 13. b3 Bd6 14. h4 Nb8 15. Bb2 {0-1 (29) Bahr,E (2020)-Mitscherling,R (1995) Mecklenburg VP 2006}) 9... cxd4 {[%emt 0:06:05]} (9... Rc8 $11) 10. exd4 {[%emt 0:00:34]} Bd6 {[%emt 0:01:47]} 11. O-O {[%emt 0:07:57]} Qe7 {[%emt 0:04:25]} 12. Qh3 {[%emt 0:05:34]} Ng4 {[%emt 0:02:27]} 13. Ndf3 {[%emt 0:01:44]} Ndf6 {[%emt 0:06:45]} 14. Bb5+ {[%emt 0:06:23]} Kd8 {[%emt 0:02:58]} 15. Ne5 {[%emt 0:01:56]} Rf8 {[%emt 0:05:37]} 16. Be2 {[%emt 0:01:32]} Kc7 {[%emt 0:05:38]} 17. Nxg4 {[%emt 0:08:17]} hxg4 {[%emt 0:01:00]} 18. Bxg4 {[%emt 0:00:12]} Rh8 {[%emt 0:01:26]} 19. Qf3 {[%emt 0:06:10]} Nxg4 {[%emt 0:06:46]} 20. Qxg4 {[%emt 0:00:07]} Rh6 {[%emt 0:00:04]} 21. Qe2 {[%emt 0:05:07]} Rah8 {[%emt 0:02:21]} 22. h3 $16 {[%emt 0:00:35]} Bc8 {[%emt 0:05:15]} 23. Bd2 {[%emt 0:00:54]} Qf6 {[%emt 0:05:16]} 24. a4 {[%emt 0:01:24]} Qf5 {[%emt 0:04:26]} 25. a5 {[%emt 0:02:40]} Rg6 {[%emt 0:01:27]} 26. axb6+ {[%emt 0:00:57]} Kxb6 {[%emt 0:00:04]} 27. c4 {[%emt 0:04:02]} dxc4 {[%emt 0:03:36]} 28. Qxc4 {[%emt 0:04:17]} a6 {[%emt 0:03:35]} 29. Ra5 {[%emt 0:02:15]} Rxg5 {[%emt 0:02:54]} 30. fxg5 {[%emt 0:05:07]} Qe4 {[%emt 0:00:22]} 31. Rfa1 {[%emt 0:06:33]} Qb7 {[%emt 0:00:41]} 32. d5 {[%emt 0:02:45]} exd5 {[%emt 0:00:45]} 33. Be3+ {[%emt 0:00:27]} Bc5 {[%emt 0:00:35]} 34. Qxc5# {[%emt 0:00:08]} 1-0

[Event "4th Memorial Warakomska-B 2020"]
[Site "Suwalki"]
[Date "2020.08.11"]
[Round "7.2"]
[White "Kaminski, Maciej"]
[Black "Wierzbicki, Michal"]
[Result "0-1"]
[WhiteElo "1869"]
[BlackElo "1849"]
[Annotator "NA"]
[PlyCount "78"]
[EventDate "2020.08.06"]
[EventType "swiss"]
[EventCountry "POL"]
[SourceTitle "playchess.com"]
[Source "ChessBase"]
[SourceQuality "1"]
[TimeControl "40/5400+30:1800+30"]

1. e4 {[%emt 0:00:00]} e6 {[%emt 0:00:00]} 2. d4 {[%emt 0:00:00]} d5 {[%emt 0:00:00]} 3. Nc3 {[%emt 0:00:00]} Nf6 {[%emt 0:00:15]} 4. e5 {[%emt 0:00:00]} Nfd7 {[%emt 0:00:04]} 5. f4 {[%emt 0:00:00]} c5 {[%emt 0:00:05]} 6. Nf3 {[%emt 0:00:01]} Nc6 {[%emt 0:00:04]} 7. Be3 {[%emt 0:00:05]} a6 {[%emt 0:01:18]} 8. Qd2 {[%emt 0:01:24]} b5 {[%emt 0:01:23]} 9. dxc5 {[%emt 0:00:29]} Bxc5 {[%emt 0:01:26]} 10. Bd3 {[%emt 0:00:11] 10.Ne2 is the modern continuation. C11: French: Classical System: 4 e5 and 4 Bg5 dxe4.} Qb6 {[%emt 0:03:27]} 11. Bf2 {[%emt 0:00:10]} Bb7 {[%emt 0:04:51]} 12. O-O {[%emt 0:01:36]} Bxf2+ {[%emt 0:01:01]} 13. Qxf2 {[%emt 0:00:19] [#]} g6 $146 {[%emt 0:02:02]} ({Predecessor:} 13... Qxf2+ 14. Rxf2 Ke7 15. Ne2 f6 16. Ned4 Nxd4 17. Nxd4 fxe5 18. fxe5 b4 19. Raf1 Raf8 20. Rxf8 Nxf8 {½-½ (75) Kravtsiv,M (2662)-Erigaisi,A (2505) Mumbai 2018}) 14. a4 {[%emt 0:05:24]} Qxf2+ {[%emt 0:03:08]} 15. Kxf2 {[%emt 0:01:58]} b4 {[%emt 0:00:22]} 16. Ne2 {[%emt 0:00:31]} Nc5 {[%emt 0:02:52]} 17. Ke3 {[%emt 0:06:12]} O-O {[%emt 0:07:50]} 18. Ned4 {[%emt 0:05:16]} f6 {[%emt 0:11:15]} 19. exf6 {[%emt 0:10:33]} Rxf6 {[%emt 0:00:51]} 20. Ne5 {[%emt 0:01:16]} Nxe5 {[%emt 0:01:41]} 21. fxe5 $14 {[%emt 0:00:08]} Rxf1 {[%emt 0:00:26]} 22. Rxf1 {[%emt 0:16:22]} Nxa4 {[%emt 0:02:48]} 23. Nxe6 {[%emt 0:02:32]} Nxb2 {[%emt 0:13:37]} 24. Kd4 {[%emt 0:00:09]} Nxd3 {[%emt 0:03:31]} 25. cxd3 {[%emt 0:00:08]} a5 {[%emt 0:02:24]} 26. Nc5 {[%emt 0:02:22]} Bc6 {[%emt 0:00:26]} 27. Rf6 {[%emt 0:01:39]} Rc8 {[%emt 0:01:21]} 28. g4 {[%emt 0:33:53]} a4 {[%emt 0:10:21]} 29. e6 {[%emt 0:00:07]} Rf8 {[%emt 0:07:46]} 30. g5 {[%emt 0:02:04]} a3 {[%emt 0:09:44]} 31. Ke5 {[%emt 0:09:45]} a2 {[%emt 0:06:54]} 32. Nb3 {[%emt 0:00:29]} Ba4 {[%emt 0:01:04]} 33. e7 {[%emt 0:00:34]} Rb8 {[%emt 0:01:39]} 34. Na1 {[%emt 0:00:48]} b3 {[%emt 0:00:15]} 35. Rd6 {[%emt 0:00:24]} b2 {[%emt 0:00:26]} 36. Rd8+ {[%emt 0:00:03]} Be8 {[%emt 0:00:43]} 37. Nb3 {[%emt 0:00:56]} b1=Q {[%emt 0:00:30]} 38. Rxb8 {[%emt 0:00:22]} a1=Q+ {[%emt 0:00:10]} 39. Nd4 {[%emt 0:00:31]} Qxb8+ {[%emt 0:00:06]} 0-1

[Event "4th Memorial Warakomska-B 2020"]
[Site "Suwalki"]
[Date "2020.08.11"]
[Round "7.3"]
[White "Borowik, Wojciech"]
[Black "Ryszkiewicz, Adam"]
[Result "0-1"]
[WhiteElo "1769"]
[BlackElo "1941"]
[Annotator "ChessBase"]
[PlyCount "118"]
[EventDate "2020.08.06"]
[EventType "swiss"]
[EventCountry "POL"]
[SourceTitle "playchess.com"]
[Source "ChessBase"]
[SourceQuality "1"]
[TimeControl "40/5400+30:1800+30"]

1. d4 {[%emt 0:00:00]} f5 {[%emt 0:00:00]} 2. Nf3 {[%emt 0:00:00]} Nf6 {[%emt 0:00:00]} 3. c4 {[%emt 0:00:00]} e6 {[%emt 0:00:00]} 4. e3 {[%emt 0:01:10]} Bb4+ {[%emt 0:00:00]} 5. Nbd2 {[%emt 0:01:41]} O-O {[%emt 0:01:43]} 6. a3 {[%emt 0:00:22]} Bxd2+ {[%emt 0:00:06]} 7. Nxd2 {[%emt 0:03:38]} d6 {[%emt 0:00:20]} 8. Be2 {[%emt 0:06:04]} Qe7 {[%emt 0:00:07]} 9. b4 {[%emt 0:01:18]} e5 {[%emt 0:07:12]} 10. dxe5 {[%emt 0:09:38]} dxe5 {[%emt 0:00:12]} 11. Bb2 {[%emt 0:00:30]} a5 {[%emt 0:00:37]} 12. Bc3 {[%emt 0:01:53]} Nc6 {[%emt 0:07:48]} 13. b5 {[%emt 0:09:16]} Nd8 {[%emt 0:00:28]} 14. O-O {[%emt 0:00:47]} Nf7 {[%emt 0:01:41]} 15. Qc2 {[%emt 0:01:06]} Rd8 {[%emt 0:11:42]} 16. a4 {[%emt 0:02:30]} b6 {[%emt 0:01:06]} 17. Bf3 {[%emt 0:01:50]} e4 {[%emt 0:07:41]} 18. Be2 {[%emt 0:00:05]} Bb7 {[%emt 0:05:20]} 19. Nb3 {[%emt 0:01:25]} Nd7 {[%emt 0:04:14]} 20. Bb2 {[%emt 0:08:39]} Nde5 {[%emt 0:04:33]} 21. Nd4 {[%emt 0:05:09]} Qf6 {[%emt 0:19:21]} 22. c5 {[%emt 0:10:18]} Bd5 {[%emt 0:05:44]} 23. f4 {[%emt 0:14:45]} exf3 {[%emt 0:00:57]} 24. Bxf3 {[%emt 0:07:03]} Qg5 {[%emt 0:05:37]} 25. Rae1 {[%emt 0:06:19]} bxc5 {[%emt 0:05:25]} 26. Bxd5 {[%emt 0:03:00]} Rxd5 {[%emt 0:00:05]} 27. Ne6 {[%emt 0:01:43]} Qe7 {[%emt 0:01:34]} 28. Qxf5 {[%emt 0:01:00]} Nd6 {[%emt 0:06:47]} 29. Qh3 {[%emt 0:01:52]} Nd3 {[%emt 0:01:13]} 30. Nxc7 {[%emt 0:01:23]} Nxe1 {[%emt 0:02:11]} 31. Nxd5 {[%emt 0:00:09]} Qe4 {[%emt 0:00:26]} 32. Nf6+ {[%emt 0:00:38]} gxf6 {[%emt 0:00:10]} 33. Qg3+ Qg6 {[%emt 0:00:31]} 34. Qxg6+ {[%emt 0:01:02]} hxg6 {[%emt 0:00:04]} 35. Rxe1 {[%emt 0:00:12]} Kf7 {[%emt 0:00:07]} 36. Ba3 Ne4 {[%emt 0:00:23]} 37. Rc1 {[%emt 0:00:54]} Rc8 {[%emt 0:00:10]} 38. Rc4 {[%emt 0:00:22]} f5 {[%emt 0:00:04]} 39. Rc2 {[%emt 0:01:06]} Ke6 {[%emt 0:00:07]} 40. Kf1 {[%emt 0:00:00]} c4 {[%emt 0:00:00]} 41. Ke2 {[%emt 0:05:10]} Kd5 {[%emt 0:04:12]} 42. g3 {[%emt 0:01:33]} Rh8 {[%emt 0:03:20]} 43. Kf3 {[%emt 0:02:02]} c3 {[%emt 0:00:44]} 44. Bc1 {[%emt 0:04:58]} Kc4 {[%emt 0:02:39]} 45. Ra2 {[%emt 0:00:43]} Kb3 {[%emt 0:01:05]} 46. Ra3+ {[%emt 0:00:41]} Kc2 {[%emt 0:00:36]} 47. Ra1 {[%emt 0:00:36]} Nd2+ {[%emt 0:01:33]} 48. Bxd2 {[%emt 0:02:59]} cxd2 {[%emt 0:02:37]} 49. Ra2+ {[%emt 0:00:42]} Kc1 {[%emt 0:00:36]} 50. Ra1+ {[%emt 0:02:38]} Kb2 {[%emt 0:00:34]} 51. Rh1 {[%emt 0:01:33]} Kc2 {[%emt 0:00:33]} 52. Ke2 {[%emt 0:00:35]} Rxh2+ {[%emt 0:00:35]} 53. Rxh2 {[%emt 0:00:42]} d1=Q+ {[%emt 0:00:38]} 54. Kf2 {[%emt 0:00:37]} Kd3 {[%emt 0:00:41]} 55. Rh4 {[%emt 0:01:25]} Qe2+ {[%emt 0:00:40]} 56. Kg1 {[%emt 0:00:47]} Qxe3+ {[%emt 0:00:55]} 57. Kg2 {[%emt 0:00:36]} g5 {[%emt 0:00:43]} 58. Rh1 {[%emt 0:00:36]} Qe4+ {[%emt 0:00:49]} 59. Kh2 {[%emt 0:00:37]} Qxa4 {[%emt 0:00:42]} 0-1

[Event "4th Memorial Warakomska-B 2020"]
[Site "Suwalki"]
[Date "2020.08.11"]
[Round "7.4"]
[White "Sapeta, Robert"]
[Black "Bancarewicz, Aleks"]
[Result "1/2-1/2"]
[WhiteElo "1895"]
[BlackElo "1781"]
[Annotator "NA"]
[PlyCount "63"]
[EventDate "2020.08.06"]
[EventType "swiss"]
[EventCountry "POL"]
[SourceTitle "playchess.com"]
[Source "ChessBase"]
[SourceQuality "1"]
[TimeControl "40/5400+30:1800+30"]

1. e4 {[%emt 0:00:00]} c5 {[%emt 0:00:00]} 2. Nf3 {[%emt 0:00:00]} d6 {[%emt 0:00:00]} 3. Bb5+ {[%emt 0:00:00]} Nd7 {[%emt 0:00:09]} 4. O-O {[%emt 0:00:00]} a6 {[%emt 0:04:01]} 5. Bc4 {[%emt 0:01:23]} e6 {[%emt 0:04:35]} 6. d4 {[%emt 0:00:31]} b5 {[%emt 0:06:26]} 7. Bd3 {[%emt 0:01:33]} cxd4 {[%emt 0:03:50]} 8. Nxd4 {[%emt 0:01:05]} Bb7 {[%emt 0:00:28]} 9. a4 {[%emt 0:14:47]} b4 {[%emt 0:11:41]} 10. c3 {[%emt 0:01:56]} bxc3 {[%emt 0:09:25]} 11. Nxc3 {[%emt 0:05:46]} Ngf6 {[%emt 0:00:01]} 12. Kh1 {[%emt 0:05:23]} Be7 {[%emt 0:04:40]} 13. Qe2 {[%emt 0:05:54]} O-O {[%emt 0:08:11]} 14. f4 {[%emt 0:01:04]} Nc5 {[%emt 0:07:01]} 15. Bc2 {[%emt 0:10:03]} d5 {[%emt 0:03:54] [#]} 16. e5 $1 {[%emt 0:04:24]} Nfe4 $16 {[%emt 0:00:37]} 17. f5 {[%emt 0:10:30]} Qc7 {[%emt 0:05:56]} 18. f6 {[%emt 0:05:42]} gxf6 {[%emt 0:13:24]} 19. Nxe4 {[%emt 0:11:30]} Nxe4 {[%emt 0:00:30]} 20. Bxe4 {[%emt 0:04:04]} Qxe5 {[%emt 0:00:10]} 21. Qg4+ {[%emt 0:01:45]} Kh8 {[%emt 0:00:39]} 22. Bxh7 {[%emt 0:03:51]} Kxh7 {[%emt 0:04:40]} 23. Qh4+ {[%emt 0:00:16]} Kg8 {[%emt 0:04:22]} 24. Rf3 {[%emt 0:00:20]} f5 {[%emt 0:00:29]} 25. Rg3+ {[%emt 0:00:28]} Qxg3 {[%emt 0:00:08]} 26. Qxg3+ {[%emt 0:00:06]} Kh7 {[%emt 0:00:03]} 27. Qc7 {[%emt 0:04:26]} Bf6 {[%emt 0:02:01]} 28. Nxe6 {[%emt 0:00:56]} Rae8 {[%emt 0:00:07]} 29. Nxf8+ {[%emt 0:00:17]} Kg8 {[%emt 0:00:06]} 30. Qg3+ {[%emt 0:01:57]} Kh8 {[%emt 0:01:16]} 31. Bg5 {[%emt 0:00:24]} Bg7 {[%emt 0:00:53]} 32. Nd7 {[%emt 0:01:01]} 1/2-1/2

[Event "4th Memorial Warakomska-B 2020"]
[Site "Suwalki"]
[Date "2020.08.11"]
[Round "7.5"]
[White "Sapinski, Sebastian"]
[Black "Widelski, Kacper"]
[Result "1-0"]
[WhiteElo "1603"]
[BlackElo "1879"]
[Annotator "NA"]
[PlyCount "69"]
[EventDate "2020.08.06"]
[EventType "swiss"]
[EventCountry "POL"]
[SourceTitle "playchess.com"]
[Source "ChessBase"]
[SourceQuality "1"]
[TimeControl "40/5400+30:1800+30"]

1. e4 {[%emt 0:00:00]} c5 {[%emt 0:00:00]} 2. Nf3 {[%emt 0:00:00]} Nc6 {[%emt 0:00:00]} 3. d4 {[%emt 0:00:00]} cxd4 {[%emt 0:00:00]} 4. Nxd4 {[%emt 0:00:03]} Nf6 {[%emt 0:00:00]} 5. Nc3 {[%emt 0:01:12]} e5 {[%emt 0:00:03]} 6. Ndb5 {[%emt 0:00:53]} d6 {[%emt 0:00:08]} 7. Bg5 {[%emt 0:00:13]} a6 {[%emt 0:00:07]} 8. Na3 {[%emt 0:00:09]} b5 {[%emt 0:00:06]} 9. Nd5 {[%emt 0:01:17]} Be7 {[%emt 0:00:07]} 10. Bxf6 {[%emt 0:00:18]} Bxf6 {[%emt 0:00:06]} 11. c3 {[%emt 0:01:19]} O-O {[%emt 0:00:08]} 12. Be2 {[%emt 0:01:48]} Bg5 {[%emt 0:00:14]} 13. Nc2 {[%emt 0:08:53]} Be6 {[%emt 0:00:45]} 14. O-O {[%emt 0:06:30]} Ne7 {[%emt 0:02:57] B33: Sicilian: Pelikan and Sveshnikov Variations.} 15. Ncb4 {[%emt 0:04:37]} Nxd5 {[%emt 0:14:46]} (15... a5 $5 {[%cal Ra5b4]} 16. Nxe7+ Qxe7 $11) 16. Nxd5 {[%emt 0:01:46]} Rb8 {[%emt 0:07:37]} 17. b3 {[%emt 0:08:22]} g6 {[%emt 0:07:09]} 18. a4 {[%emt 0:03:42]} bxa4 {[%emt 0:08:53]} 19. Rxa4 {[%emt 0:00:29]} a5 {[%emt 0:00:12]} 20. Bc4 {[%emt 0:01:05] [#]} h5 $146 {[%emt 0:05:32]} ({Predecessor:} 20... f5 21. exf5 gxf5 22. Qa1 e4 23. Rxa5 Rb7 24. f4 exf3 25. Rxf3 f4 26. Ra7 Rbf7 27. Rxf7 Rxf7 {1-0 (33) Yatsishin,I-Heinich,M Ustron 1994}) 21. Qd3 {[%emt 0:03:24]} h4 {[%emt 0:14:38]} (21... Bd7 $16) 22. Rfa1 {[%emt 0:01:18]} h3 {[%emt 0:07:42] [#]} 23. g3 $18 {[%emt 0:00:26]} ({Don't do} 23. Rxa5 $6 hxg2 24. Ra7 (24. Kxg2 Kg7 $14) 24... Kg7 $14) 23... Kh8 {[%emt 0:11:56]} 24. Rxa5 {[%emt 0:04:54]} f5 {[%emt 0:03:44]} 25. Ra7 {[%emt 0:03:21]} f4 {[%emt 0:04:38]} 26. Nxf4 {[%emt 0:02:46]} exf4 {[%emt 0:06:10]} 27. Bxe6 {[%emt 0:01:24]} Qf6 {[%emt 0:00:33]} 28. Qd4 {[%emt 0:01:57]} fxg3 {[%emt 0:00:22]} 29. hxg3 {[%emt 0:01:39]} Qxd4 {[%emt 0:02:34]} 30. cxd4 {[%emt 0:00:12]} Rf3 {[%emt 0:02:20]} 31. Rc7 {[%emt 0:06:08]} Bd8 {[%emt 0:01:20]} 32. Rd7 {[%emt 0:01:18]} Bb6 {[%emt 0:00:20]} 33. Rxd6 {[%emt 0:01:35]} Kg7 {[%emt 0:00:13]} 34. Ra6 {[%emt 0:01:43]} Bd8 {[%emt 0:00:01]} 35. Bxh3 {[%emt 0:00:26]} 1-0

[Event "4th Memorial Warakomska-B 2020"]
[Site "Suwalki"]
[Date "2020.08.11"]
[Round "7.6"]
[White "Kiolbasa, Damian"]
[Black "Kotarski, Bartosz"]
[Result "1-0"]
[WhiteElo "1973"]
[BlackElo "1742"]
[Annotator "ChessBase"]
[PlyCount "63"]
[EventDate "2020.08.06"]
[EventType "swiss"]
[EventCountry "POL"]
[SourceTitle "playchess.com"]
[Source "ChessBase"]
[SourceQuality "1"]
[TimeControl "40/5400+30:1800+30"]

1. e4 {[%emt 0:00:00]} c5 {[%emt 0:00:00]} 2. Nc3 {[%emt 0:00:00]} Nc6 {[%emt 0:00:00]} 3. Bb5 {[%emt 0:00:00]} d6 {[%emt 0:01:27]} 4. f4 {[%emt 0:01:19]} g6 {[%emt 0:01:09]} 5. Nf3 {[%emt 0:05:06]} Bg7 {[%emt 0:00:58]} 6. O-O {[%emt 0:00:17]} Nf6 {[%emt 0:00:24]} 7. e5 {[%emt 0:01:00]} dxe5 {[%emt 0:00:35]} 8. Nxe5 {[%emt 0:00:51]} Bd7 {[%emt 0:08:00]} 9. d3 {[%emt 0:08:10]} O-O {[%emt 0:03:20]} 10. Bxc6 {[%emt 0:20:48]} Bxc6 {[%emt 0:00:17]} 11. Nxc6 {[%emt 0:00:02]} bxc6 {[%emt 0:00:02]} 12. Qf3 {[%emt 0:00:01]} c4 {[%emt 0:12:20]} 13. dxc4 {[%emt 0:10:49]} Qd4+ {[%emt 0:00:06]} 14. Kh1 {[%emt 0:00:56]} Qxc4 {[%emt 0:00:02]} 15. b3 {[%emt 0:00:33]} Qa6 {[%emt 0:00:23]} 16. Bb2 {[%emt 0:01:22]} Rfd8 {[%emt 0:08:52]} 17. Rad1 {[%emt 0:00:57]} e6 {[%emt 0:20:31]} 18. Na4 {[%emt 0:02:50]} Nd5 {[%emt 0:00:32]} 19. Bxg7 {[%emt 0:00:15]} Kxg7 {[%emt 0:00:02]} 20. c4 {[%emt 0:00:01]} Ne7 {[%emt 0:00:48]} 21. Qc3+ {[%emt 0:00:02]} Kg8 {[%emt 0:00:55]} 22. Nc5 {[%emt 0:11:36]} Qxa2 {[%emt 0:06:20]} 23. Nd7 {[%emt 0:04:01]} Qa3 {[%emt 0:09:54]} 24. Nf6+ {[%emt 0:02:22]} Kf8 {[%emt 0:00:03]} 25. Nxh7+ {[%emt 0:00:07]} Kg8 {[%emt 0:00:03]} 26. Nf6+ {[%emt 0:00:14]} Kf8 {[%emt 0:00:02]} 27. Nd7+ {[%emt 0:07:29]} Kg8 {[%emt 0:00:01]} 28. Rd3 {[%emt 0:00:19]} Nd5 {[%emt 0:04:28]} 29. cxd5 {[%emt 0:00:19]} Rxd7 {[%emt 0:00:01]} 30. Rh3 {[%emt 0:00:13]} f6 {[%emt 0:01:48]} 31. Qxf6 {[%emt 0:00:04]} Rg7 {[%emt 0:00:09]} 32. Qxe6+ {[%emt 0:00:11]} 1-0